| 000 | 00581nam a2200157 4500 | ||
|---|---|---|---|
| 003 | AUA.1 | ||
| 005 | 20201005125253.0 | ||
| 008 | 170312b xxu||||| |||| 00| 0 eng d | ||
| 040 | _cJTL | ||
| 240 |
_aMy soul is in the blood : Yoora's soprano anthem collection / _hAudiorecording. _lKorean |
||
| 245 |
_a내 영혼어 ㅜ피은 데서 : _b소프라노 이유라 찬미가 모음 / _cYoora Lee-Hoff. _hAudiorecording. |
||
| 260 |
_aMansfelder Straße, Halle (Saale) : _bHorchmal, _c[2011]. |
||
| 300 |
_a1 audiodisc : _bsound, _c4 3/4 in. |
||
| 650 | _aChristian music | ||
| 942 |
_2aua _cAV |
||
| 999 |
_c18178 _d18178 |
||